000
00347nam a2200157Ia 4500
003
OSt
005
20231123062126.0
008
170523s9999 xx 000 0 und d
020
_a
0-07-049545-9
040
_c
IIMT
100
_a
SAWYER- WILLIAM
245
0
_a
INFORMATION TECHNOLOGY
260
_b
MC GRAW HILL
260
_c
2002
942
_2
ddc
_c
02
999
_c
1065
_d
1065